000 00230nam a2200085Ia 4500
008 170617s9999 xx 000 0 und d
100 _aSIDDIQUI- ANEES A.
245 0 _aLAB MANUAL SELECTED EXPERIMENTS PHARMA. ANALYSIS
260 _bN. DELHI- CBS
260 _c2010
999 _c15923
_d15923